Online
Catalog

Smart diccionario : (Record no. 26156)

MARC details
000 -CABECERA
campo de control de longitud fija 00839nam a2200229 a 4500
001 - NÚMERO DE CONTROL
campo de control 000026664
005 - FECHA Y HORA DE LA ÚLTIMA TRANSACCIÓN
campo de control 20200930030336.0
008 - DATOS DE LONGITUD FIJA--INFORMACIÓN GENERAL
campo de control de longitud fija 110324s1997 sp d 000 0 spa d
020 ## - NÚMERO INTERNACIONAL ESTÁNDAR DEL LIBRO
Número Internacional Estándar del Libro 8477645612
040 ## - FUENTE DE LA CATALOGACIÓN
Centro catalogador/agencia de origen DO-SdBNP
Lengua de catalogación spa
Centro/agencia transcriptor BNPHU
082 ## - NÚMERO DE LA CLASIFICACIÓN DECIMAL DEWEY
Número de clasificación R463.21.
Número de documento/Ítem S636d, 1997
049 ## - FONDOS LOCALES (OCLC)
Fondos de biblioteca BNPD
245 00 - MENCIÓN DE TÍTULO
Título Smart diccionario :
Resto del título español-inglés, english-spanish /
Mención de responsabilidad, etc. dirección de la obra, Enrique Fontanillo Merino, María Isabel Riesco prieto.
246 00 - FORMA VARIANTE DE TÍTULO
Título propio/Titulo breve Diccionario Smart español/inglés, English/Spanish
260 ## - PUBLICACIÓN, DISTRIBUCIÓN, ETC.
Lugar de publicación, distribución, etc. Barcelona :
Nombre del editor, distribuidor, etc. Oceano,
Fecha de publicación, distribución, etc. 1997.
300 ## - DESCRIPCIÓN FÍSICA
Extensión 1010 p. ;
Dimensiones 27 cm.
650 #4 - PUNTO DE ACCESO ADICIONAL DE MATERIA--TÉRMINO DE MATERIA
Término de materia o nombre geográfico como elemento de entrada Español
Subdivisión general Diccionarios
-- Inglés
9 (RLIN) 1738
650 #4 - PUNTO DE ACCESO ADICIONAL DE MATERIA--TÉRMINO DE MATERIA
Término de materia o nombre geográfico como elemento de entrada Inglés
Subdivisión general Diccionarios
-- Español
9 (RLIN) 1739
700 12 - PUNTO DE ACCESO ADICIONAL--NOMBRE DE PERSONA
Nombre de persona Riesco Prieto, Maria Isabel
9 (RLIN) 53790
700 12 - PUNTO DE ACCESO ADICIONAL--NOMBRE DE PERSONA
Nombre de persona Fontanillo Merino, Enrique
9 (RLIN) 53791
910 ## - DATOS DE OPCIÓN DEL USUARIO (OCLC)
Datos de opción del usuario Validado. Control de calidad MFF
Holdings
Estado de retiro Estado de pérdida No para préstamo Código de colección Localización permanente Ubicación/localización actual Ubicación en estantería Fecha de adquisición Número de inventario Total de préstamos Signatura topográfica completa Código de barras Fecha visto por última vez Precio válido a partir de Tipo de ítem Koha
    Excluido de préstamo Referencia General General Biblioteca Nacional Pedro Henríquez Ureña Depósito 24.03.2011 LF1   R463.21. S636d, 1997 26664-10 25.06.2020 25.06.2020 No se presta

Powered by Koha